Modele Wartburga - Statystyki

Ogólne statystyki
  • Ten quiz został rozwiązany 2 razy
  • Średni wynik to 3 z 10
Statystyki odpowiedzi
Model % Poprawnych
353
100%
1000
50%
311
50%
312
50%
311-2
0%
311-7 pickup
0%
313-1
0%
353S
0%
353 Trans
0%
360
0%
Nie znaleziono quizów pasujących do podanych kryteriów
Rozkład punktacji
Procent ludzi z każdym wynikiem
Percentyl według liczby udzielonych odpowiedzi
Twoja historia wyników
Nie rozwiązałeś tego quizu